| 000 | 00367nam a2200109Ia 4500 | ||
|---|---|---|---|
| 008 | 171204s9999 xx 000 0 und d | ||
| 245 | _aFit Fuel: A Chef's Guide to Eating Well, Getting Fit, and Living Your Best Life | ||
| 245 | _cRobert Irvine | ||
| 260 | _c2015 | ||
| 650 | _xCulinary Arts & Sciences with Lab | ||
| 856 | _uhttp://down.ebook777.com/037/0996422315.pdf | ||
| 999 |
_c346762 _d346762 |
||